Sports Quiz

Random Sports or College Quiz

Colleges with NFL Players Quiz Stats

 Plays Quiz not verified by Sporcle

Support Sporcle.
Go Orange.
Score 0/31 Timer 10:00
0 Plays Today
College Player % Correct
Virginia TechMichael Vick
87.9%
DelawareJoe Flacco
87.3%
Miami (OH)Ben Roethlisberger
86.9%
Boston CollegeMatt Ryan
85.5%
PittsburghLarry Fitzgerald
83.4%
UtahAlex Smith
83.1%
RutgersRay Rice
82.6%
Georgia TechCalvin Johnson
82.6%
VanderbiltJay Cutler
82.4%
MississippiEli Manning
82.4%
MissouriBlaine Gabbert
80.5%
Texas TechWes Welker
79.6%
TCUAndy Dalton
77.8%
WisconsinRussell Wilson
76%
Boise StateDoug Martin
73.8%
NC StatePhilip Rivers
72.7%
College Player % Correct
Kansas StateJosh Freeman
72.2%
East CarolinaChris Johnson
71.4%
NevadaColin Kaepernick
71%
IllinoisRashard Mendenhall
67.5%
Oregon StateSteven Jackson
66%
Virginia Matt Schaub
64.6%
Florida StateChristian Ponder
63.4%
UCLAMaurice Jones-Drew
63.4%
ClemsonC.J. Spiller
62%
MemphisDeAngelo Williams
58.8%
ArizonaRob Gronkowski
56.8%
Texas A&MRyan Tannehill
53.1%
TulaneMatt Forte
53%
Central FloridaBrandon Marshall
50.6%
Kent StateAntonio Gates
45.2%

You're not logged in!

Compare scores with friends on all Sporcle quizzes.
OR
Log In

From the Vault

10 to 1: The Presidency

by senordingdong

Nearly all of the Presidents have served at least one term, but how many have the gall to serve ten?
Remove Ads.
Support Sporcle.
Get the best of Sporcle when you Go Orange. This ad-free experience offers more features, more stats, and more fun while also helping to support Sporcle. Thank you for becoming a member.

Show Comments

Extras

Top Quizzes Today


Score Distribution

Your Account Isn't Verified!

In order to create a playlist on Sporcle, you need to verify the email address you used during registration. Go to your Sporcle Settings to finish the process.

Report this User

Report this user for behavior that violates our Community Guidelines.

Details: